000 00971nam a22002537a 4500
999 _c7702
_d7702
003 AR-CdUCM
008 190321b ||||| |||| 00| 0 spa d
040 _aMUNICIPALIDAD PROVINCIAL DEL CUSCO
_cBIBLIOTECA MUNICIPAL DEL CUSCO
041 _hfre
082 _a305.8 /
_bG81
100 _aGriaule, Marcel
_921753
245 _aEl método de la etnografía /
260 _aBuenos Aires :
_bNova,
_c1969.
300 _a172 páginas ;
_bilustraciones ;
_c18 cm.
440 _aCompendios Nova de Iniciación Cultural
_n56
_921754
500 _aTítulo original francés: MÉTHO DE DE L´ETHNOGRAPHIE
505 _aContenido: Personal de la investigación -- Detección y observación de los hechos humanos -- El registro -- Crítica -- Explotación de los documentos.
650 _aInvestigación
_91940
650 _aCuestionarios
_921755
650 _aMétodo Histórico
_921756
700 _aSazbón, José (Traductor)
_921757
942 _2ddc
_cLIBROS
945 _araen